| 000 | 01056nam a2200325 i 4500 | ||
|---|---|---|---|
| 999 |
_c8899 _d8899 |
||
| 001 | 8899 | ||
| 003 | MCM | ||
| 005 | 20220322134023.0 | ||
| 008 | 780831s1966 nyua b 001 0 eng | ||
| 020 | _a0471345245 | ||
| 035 | _a(BD-JHCC)-8899 | ||
| 035 | _aGLIS00169502 | ||
| 040 |
_aDLC _cDLC _dm.c. _dMYG |
||
| 041 | _aeng | ||
| 082 |
_a530 _bRES 1966 |
||
| 090 |
_aQC21 _b.H188 1966 |
||
| 099 | _aQC21.H188 1966 | ||
| 100 | 1 |
_aResnick, Robert, _d1923-2014. |
|
| 245 | 1 | 0 |
_aPhysics. _bParts I and II. [by] David Halliday [and] Robert Resnick. |
| 250 | _a2d ed. rev. & combined | ||
| 260 |
_aNew York : _bWiley, _cc1966. |
||
| 300 |
_axxvi, 1214, 110 p. : _bill. ; _c25 cm. |
||
| 500 | _aAuthors' names in reverse order in v. 1 of other editions. | ||
| 500 | _aPublished in 1962 under title: Physics for students of science and engineering. | ||
| 504 | _aIncludes bibliographical references and index. | ||
| 650 | 0 | _aPhysics. | |
| 700 | 1 |
_aResnick, Robert, _d1923-2014. |
|
| 942 |
_2ddc _cBK _02 |
||